<?xml version="1.0" encoding="UTF-8"?><?xml-stylesheet type="text/xsl" href="static/style.xsl"?><OAI-PMH xmlns="http://www.openarchives.org/OAI/2.0/" xmlns:xsi="http://www.w3.org/2001/XMLSchema-instance" xsi:schemaLocation="http://www.openarchives.org/OAI/2.0/ http://www.openarchives.org/OAI/2.0/OAI-PMH.xsd"><responseDate>2026-04-13T02:35:41Z</responseDate><request verb="GetRecord" identifier="oai:www.recercat.cat:10256/10308" metadataPrefix="marc">https://recercat.cat/oai/request</request><GetRecord><record><header><identifier>oai:recercat.cat:10256/10308</identifier><datestamp>2024-06-14T09:43:02Z</datestamp><setSpec>com_2072_452955</setSpec><setSpec>com_2072_2054</setSpec><setSpec>col_2072_453064</setSpec></header><metadata><record xmlns="http://www.loc.gov/MARC21/slim" xmlns:dcterms="http://purl.org/dc/terms/" xmlns:xsi="http://www.w3.org/2001/XMLSchema-instance" xmlns:doc="http://www.lyncode.com/xoai" xsi:schemaLocation="http://www.loc.gov/MARC21/slim http://www.loc.gov/standards/marcxml/schema/MARC21slim.xsd">
   <leader>00925njm 22002777a 4500</leader>
   <datafield ind2=" " ind1=" " tag="042">
      <subfield code="a">dc</subfield>
   </datafield>
   <datafield ind2=" " ind1=" " tag="720">
      <subfield code="a">Ramos Nogales, Rafael</subfield>
      <subfield code="e">author</subfield>
   </datafield>
   <datafield ind2=" " ind1=" " tag="260">
      <subfield code="c">2012</subfield>
   </datafield>
   <datafield ind2=" " ind1=" " tag="520">
      <subfield code="a">It is traditionally considered that the «Aldana», whom Gaspar Gil Polo praises at the end of his «Canto de Turia» (1564), was Francisco de Aldana, the «divino». It is nonetheless more probable that it was in fact rather the Valencian poet, Marco Antonio Aldana, almost forgotten today, but very much in the public eye within the cultivated circles of the end of the sixteenth century Valencia</subfield>
   </datafield>
   <datafield ind2=" " ind1=" " tag="520">
      <subfield code="a">Tradicionalmente se ha aceptado que el «Aldana» elogiado por Gaspar Gil Polo al final de su Canto de Turia (1564) era Francisco de Aldana, «el divino». Mas probable, sin embargo, es que se trate del poeta valenciano Marco Antonio Aldana, hoy prácticamente olvidado pero bastante conocido en los ambientes culturales valencianos del tercer cuarto del siglo xvi.</subfield>
   </datafield>
   <datafield ind2=" " ind1=" " tag="520">
      <subfield code="a">On considère traditionnellement que l’« Aldana » dont Gaspar Gil Polo fait l’éloge à la fin de son Canto de Turia (1564) était Francisco de Aldana, le « divino ». Il est cependant plus probable qu’il se soit agi, en réalité, du poète valencien Marco Antonio Aldana, aujourd’hui pratiquement oublié, mais pourtant fort en vue dans les milieux culturels valenciens du troisième quart du xvie siècle</subfield>
   </datafield>
   <datafield ind1="8" ind2=" " tag="024">
      <subfield code="a">http://hdl.handle.net/10256/10308</subfield>
   </datafield>
   <datafield tag="653" ind2=" " ind1=" ">
      <subfield code="a">Poesia castellana -- S. XVI</subfield>
   </datafield>
   <datafield tag="653" ind2=" " ind1=" ">
      <subfield code="a">Spanish poetry -- 16th century</subfield>
   </datafield>
   <datafield ind2="0" ind1="0" tag="245">
      <subfield code="a">De Francisco a Marco Antonio Aldana pasando por Gaspar</subfield>
   </datafield>
</record></metadata></record></GetRecord></OAI-PMH>